The Irresistible shift from agriculture to"agri-venture" : (Record no. 56776)
[ view plain ]
| 000 -LEADER | |
|---|---|
| fixed length control field | 01016nam a22002657a 4500 |
| 003 - CONTROL NUMBER IDENTIFIER | |
| control field | BD-DhIDS |
| 005 - DATE AND TIME OF LATEST TRANSACTION | |
| control field | 20260512145200.0 |
| 008 - FIXED-LENGTH DATA ELEMENTS--GENERAL INFORMATION | |
| fixed length control field | 220511s2026 bg ||||| |||| 00| 0 eng d |
| 040 ## - CATALOGING SOURCE | |
| Original cataloging agency | BD-DhIDS |
| Language of cataloging | Eng |
| Transcribing agency | BD-DhIDS |
| Modifying agency | BD-DhIDS |
| 086 ## - BIDS CLASSIFICATION NUMBER | |
| Classification number | BAN BIDS RR -209 |
| 100 10 - MAIN ENTRY--PERSONAL NAME | |
| Personal name | Mozumder, Mohammad Golam Nabi |
| 245 14 - TITLE STATEMENT | |
| Title | The Irresistible shift from agriculture to"agri-venture" : |
| Remainder of title | technology, habitus, and the looming threat of ecocide / |
| Statement of responsibility, etc. | Mohammad Golam Nabi Mozumder |
| 260 ## - PUBLICATION, DISTRIBUTION, ETC. | |
| Place of publication, distribution, etc. | Dhaka: |
| Name of publisher, distributor, etc. | BIDS , |
| Date of publication, distribution, etc. | 2026 |
| 300 ## - PHYSICAL DESCRIPTION | |
| Extent | 89p.: |
| Other physical details | ill figs., tables.; |
| Dimensions | 25 cm. |
| 490 ## - SERIES STATEMENT | |
| Series statement | BIDS Research Report |
| Volume/sequential designation | No. 209 |
| 504 ## - BIBLIOGRAPHY, ETC. NOTE | |
| Bibliography, etc. note | Includes bibliographical references and index. |
| 650 04 - SUBJECT ADDED ENTRY--TOPICAL TERM | |
| Topical term or geographic name entry element | Agriculture |
| Chronological subdivision | Bangladesh |
| 650 04 - SUBJECT ADDED ENTRY--TOPICAL TERM | |
| Topical term or geographic name entry element | Agri business |
| Geographic subdivision | Bangladesh |
| 650 04 - SUBJECT ADDED ENTRY--TOPICAL TERM | |
| Topical term or geographic name entry element | Agricultural innovation |
| General subdivision | technological aspect |
| 650 04 - SUBJECT ADDED ENTRY--TOPICAL TERM | |
| Topical term or geographic name entry element | Environmental degradation |
| 650 04 - SUBJECT ADDED ENTRY--TOPICAL TERM | |
| Topical term or geographic name entry element | Ecocide |
| 710 2# - ADDED ENTRY--CORPORATE NAME | |
| Corporate name or jurisdiction name as entry element | Bangladesh Institute of Development Studies (BIDS) |
| 856 ## - ELECTRONIC LOCATION AND ACCESS | |
| Full Text | http://doi.org/10.57138/EYGQ7832 |
| Link text | Read Full Text |
| 942 ## - ADDED ENTRY ELEMENTS (KOHA) | |
| Source of classification or shelving scheme | |
| Koha item type | Research Report |
| Withdrawn status | Lost status | Source of classification or shelving scheme | Damaged status | Not for loan | Collection code | Permanent Location | Current Location | Shelving location | Date acquired | Source of acquisition | Full call number | Barcode | Date last seen | Copy number | Price effective from | Koha item type |
|---|---|---|---|---|---|---|---|---|---|---|---|---|---|---|---|---|
| Non-fiction | BIDS Library and Documentation Center | BIDS Library and Documentation Center | BIDS Publications | 2026-05-12 | BIDS publication | BAN BIDS RR-209 | 122100 | 2026-05-12 | C-01 | 2026-05-12 | Research Report | |||||
| Non-fiction | BIDS Library and Documentation Center | BIDS Library and Documentation Center | BIDS Publications | 2026-05-12 | BIDS publication | BAN BIDS RR- 209 | 122101 | 2026-05-12 | C-02 | 2026-05-12 | Research Report | |||||
| Non-fiction | BIDS Library and Documentation Center | BIDS Library and Documentation Center | BIDS Publications | 2026-05-12 | BIDS Publication | BAN BIDS RR- 209 | 122102 | 2026-05-12 | C-03 | 2026-05-12 | Research Report |